Community-Based Interventions for Criminal Offenders with Severe Mental Illness

Detalles Bibliográficos
Autor principal: H. Fisher, William
Formato: eBook
Lenguaje:inglés
Publicado: Bingley: Emerald Group Publishing Limited, 2002
Materias:
Acceso en línea:Acceso restringido

MARC

LEADER 00000nam a22000007a 4500
005 20210217224612.0
007 cr|||| ||||
008 210217s2002 gb |||||s|||| 00||0 eng d
020 |a 978-0-76230-972-6 
035 |a 31976 
040 |a vLex 
090 |c 11173  |d 11173 
100 1 |a H. Fisher, William 
245 1 0 |a Community-Based Interventions for Criminal Offenders with Severe Mental Illness  |h [Recurso electrn̤ico] /  |c William H. Fisher 
256 |a Servicio en ln̕ea 
260 |a Bingley:  |b Emerald Group Publishing Limited,  |c 2002 
300 |a 1 recurso electrn̤ico 
506 1 |a Disponible solo en los productos indicados  |d vLex Global  |d vLex Global (Academic Edition, excluding Law Schools)  |d vLex Global (U.S. Academic Edition, Law Schools)  |d vLex Global (U.S. Academic Edition, excluding Law Schools)  |d vLex Global (Academic Edition, Law Schools) 
650 0 4 |a Derecho Penal  |z Reino Unido 
740 0 |a vLex Libros (Servicio en ln̕ea) 
856 4 0 |u http://vlex.com/source/31976  |z Acceso restringido 
942 |c BOOK 
999 0 |a Criminal law